Future shock (Record no. 94350)

MARC details
000 -LEADER
fixed length control field 00507nam a2200205Ia 4500
005 - DATE AND TIME OF LATEST TRANSACTION
control field 20251121151334.0
008 - FIXED-LENGTH DATA ELEMENTS--GENERAL INFORMATION
fixed length control field 230125s9999 xx 000 0 und d
020 ## - INTERNATIONAL STANDARD BOOK NUMBER
International Standard Book Number 9780553277371
041 ## - LANGUAGE CODE
Language code of text/sound track or separate title eng
082 ## - DEWEY DECIMAL CLASSIFICATION NUMBER
Classification number 158.1
Item number TOF
100 ## - MAIN ENTRY--PERSONAL NAME
Author Toffler A
245 ## - TITLE STATEMENT
Title Future shock
250 ## - EDITION STATEMENT
Edition statement Ed.1st
260 ## - PUBLICATION, DISTRIBUTION, ETC.
Date of publication, distribution, etc. 1971
Name of publisher, distributor, etc. Bantam books
Place of publication, distribution, etc. New York
300 ## - PHYSICAL DESCRIPTION
Extent 561p
500 ## - GENERAL NOTE
Keywords Personality Development
650 ## - SUBJECT ADDED ENTRY--TOPICAL TERM
Topical term or geographic name entry element Personality Development
700 ## - ADDED ENTRY--PERSONAL NAME
Personal name Toffler A
942 ## - ADDED ENTRY ELEMENTS (KOHA)
Koha item type Donated Book
Holdings
Withdrawn status Lost status Damaged status Not for loan Home library Current library Date acquired Vendor Net Price Full call number Barcode Date last seen Actual Price Bill Date Koha item type Original Barcode
        Smt. Hiraben Nanavati Institute of Management & Research for Women Smt. Hiraben Nanavati Institute of Management & Research for Women 13/12/2016 Donated Book- Outside Donar 1.00 158.1 TOF DB2706 HIMR-DB-2706 25/01/2023 1.00 25/01/2023 Donated Book DB2706